Top 100 transferts mercato été 2023/24 - Statistiques

Statistiques générales
  • Ce quiz a été pris 591 fois
  • Le résultat moyen est 32 sur 100
Statistiques - réponses
Montant Club Joueur % Correct
116 mio.€ Arsenal Declan Rice
93%
103 mio.€ Real Madrid Jude Bellingham
92%
100 mio.€ Bayern Munich Harry Kane
91%
90 mio.€ Al-Hilal Neymar
90%
95 mio.€ Paris SG Randal Kolo Muani
88%
116 mio.€ Chelsea Moisés Caicedo
83%
90 mio.€ Manchester City Josko Gvardiol
75%
75 mio.€ Arsenal Kai Havertz
71%
75 mio.€ Manchester Utd. Rasmus Hojlund
66%
50 mio.€ Paris SG Ousmane Dembélé
64%
60 mio.€ Paris SG Manuel Ugarte
62%
64 mio.€ Newcastle Sandro Tonali
62%
60 mio.€ Manchester City Jérémy Doku
60%
30 mio.€ Al-Nassr Sadio Mané
59%
45 mio.€ Paris SG Lucas Hernandez
58%
70 mio.€ Liverpool Dominik Szoboszlai
55%
55 mio.€ Aston Villa Moussa Diaby
55%
42 mio.€ Liverpool Alexis Mac Allister
53%
30 mio.€ RC Lens Elye Wahi
52%
60 mio.€ Chelsea Christopher Nkunku
48%
64,2 mio.€ Manchester Utd. Mason Mount
47%
45 mio.€ Paris SG Bradley Barcola
46%
38,5 mio.€ RB Leipzig Loïs Openda
45%
45 mio.€ Chelsea Axel Disasi
44%
62 mio.€ Manchester City Matheus Nunes
44%
52,5 mio.€ Manchester Utd. André Onana
43%
46,3 mio.€ Tottenham James Maddison
43%
25 mio.€ Al-Nassr Seko Fofana
43%
23 mio.€ Al-Hilal Kalidou Koulibaly
42%
22 mio.€ Paris SG Kang-in Lee
42%
55 mio.€ Al-Hilal Ruben Neves
42%
40 mio.€ Al-Hilal Sergej Milinkovic-Savic
42%
52,6 mio.€ Al-Hilal Aleksandar Mitrovic
40%
29,1 mio.€ Manchester City Mateo Kovacic
40%
37 mio.€ Chelsea Nicolas Jackson
40%
47 mio.€ Chelsea Cole Palmer
39%
50 mio.€ Bayern Munich Kim Min-jae
39%
60 mio.€ Al-Hilal Malcom
36%
35 mio.€ Al-Ahli Riyad Mahrez
36%
62,1 mio.€ Chelsea Roméo Lavia
36%
46,7 mio.€ Al-Ittihad Fabinho
35%
40 mio.€ Arsenal Jurrien Timber
35%
40 mio.€ Tottenham Micky van de Ven
35%
27,5 mio.€ Al-Nassr Aymeric Laporte
33%
30 mio.€ AS Monaco Folarin Balogun
33%
20 mio.€ AC Milan Christian Pulisic
31%
43 mio.€ West Ham Mohammed Kudus
28%
60 mio.€ Al-Nassr Otavio
27%
27,2 mio.€ Al-Ahli Allan Saint-Maximin
26%
30 mio.€ RB Leipzig Castello Lukeba
26%
29,1 mio.€ Al-Ittihad Jota
26%
55 mio.€ Tottenham Brennan Johnson
25%
38 mio.€ West Ham Edson Alvarez
25%
50 mio.€ Wolverhampton Matheus Cunha
25%
23 mio.€ Chelsea Robert Sanchez
25%
40 mio.€ Liverpool Ryan Gravenberch
25%
44 mio.€ Newcastle Harvey Barnes
24%
33 mio.€ Aston Villa Pau Torres
24%
30 mio.€ Inter Milan Benjamin Pavard
22%
20,5 mio.€ Bayer Leverkusen Victor Boniface
22%
40 mio.€ Tottenham Pedro Porro
21%
22,5 mio.€ OGC Nice Terem Moffi
19%
21 mio.€ Al-Hilal Yassine Bounou
19%
25 mio.€ Molenbeek Ernest Nuamah
18%
34,2 mio.€ Brighton Joao Pedro
18%
40 mio.€ Al-Ahli Gabri Veiga
17%
20 mio.€ AC Milan Samuel Chukwueze
16%
24 mio.€ RB Leipzig Benjamin Sesko
15%
37,2 mio.€ Newcastle Tino Livramento
15%
30 mio.€ Borussia Dortmund Felix Nmecha
14%
34,8 mio.€ West Ham James Ward-Prowse
14%
27 mio.€ Chelsea Lesley Ugochukwu
14%
30 mio.€ Al-Ahli Roger Ibanez
14%
30 mio.€ Tottenham Dejan Kulusevski
13%
20 mio.€ AC Milan Yunus Musah
13%
25 mio.€ Atalanta Gianluca Scamacca
12%
28,5 mio.€ Paris SG Hugo Ekitiké
11%
35 mio.€ Nottingham Forest Ibrahim Sangaré
11%
25 mio.€ Wolfsburg Lovro Majer
11%
27 mio.€ Brighton Carlos Baleba
9%
28 mio.€ Atalanta El Bilal Touré
9%
30 mio.€ Napoli Jesper Lindstrom
9%
20 mio.€ Atlético Madrid Antoine Griezmann
8%
25,62 mio.€ Bournemouth Hamed Junior Traorè
8%
22 mio.€ Al-Ittihad Luiz Felipe
8%
30 mio.€ Juventus Moise Kean
8%
25 mio.€ Everton Beto
7%
24 mio.€ RB Leipzig Christoph Baumgartner
7%
26 mio.€ Napoli Giacomo Raspadori
7%
30 mio.€ Juventus Manuel Locatelli
7%
25 mio.€ Benfica Orkun Kökcü
7%
22,5 mio.€ Fulham Calvin Bassey
5%
21,55 mio.€ Sheffield United Cameron Archer
5%
20,5 mio.€ Ajax Amsterdam Josip Sutalo
5%
25 mio.€ Brentford Kevin Schade
5%
23,3 mio.€ Bayer Leverkusen Nathan Tella
5%
26,9 mio.€ Bournemouth Tyler Adams
5%
25,7 mio.€ Fulham Alex Iwobi
4%
23 mio.€ Bournemouth Alex Scott
4%
26,85 mio.€ Brentford Nathan Collins
4%
Aucun quiz correspondant
Distribution des résultats
% des personnes avec chaque résultat
Percentile par nombre de réponses
Votre historique - résultats
Vous n’avez pas pris ce quiz